000 00818nam a2200241Ia 4500
003 GCL
008 140319s9999 xx 000 0 ara d
040 _aGCL /
_cGCL
082 0 4 _a413.105
_bس م
100 1 _aحسين نصار
245 1 0 _aالمحكم والمحيط الاعظم /
_cحسين نصار
700 1 _aمصطفى السقا
700 1 _aابن سيده : ابوالحسن على بن اسماعيل الاندلسى
250 _aالاولى
260 _aالقاهرة :
_bمعهد المخطوطات لجامعة الدول العربية ،
_c1958
300 _aمتعدد ؛
_c26 سم
490 _a100 قصة
_v0
650 0 4 _aاللغة العربية
650 0 4 _aالقواميس
650 0 4 _aالمعاجم العربية
650 0 4 _aذو الرمة
942 _2ddc
_cBK
999 _c44198
_d44198